|
|
|
|
| LEADER |
00000nam0a2200000 4500 |
| 001 |
31839 |
| 005 |
20231030204623.0 |
| 010 |
|
|
|a 5010037041
|
| 035 |
|
|
|a (RuTPU)RU\TPU\book\32134
|
| 035 |
|
|
|a BOOK00000213
|
| 090 |
|
|
|a 31839
|
| 100 |
|
|
|a 20011210d1992 u y0rusy50 ca
|
| 101 |
1 |
|
|a rus
|
| 102 |
|
|
|a RU
|
| 105 |
|
|
|a f 001|y
|
| 200 |
1 |
|
|a XX век: последние 10 лет
|e Сборник статей из ежегодников State of the World, издаваемых Институтом Worldwatch: пер. с англ.
|f Послесловие Г. В. Сдасюка
|
| 210 |
|
|
|a Москва
|c Прогресс
|d 1992
|
| 215 |
|
|
|a 328 с.
|
| 320 |
|
|
|a Примеч.: с. 296-314.
|
| 320 |
|
|
|a Сокращ.: с. 314-317.
|
| 517 |
1 |
|
|a 1990-1991
|
| 610 |
1 |
|
|a экология
|
| 610 |
1 |
|
|a природа
|
| 610 |
1 |
|
|a общество
|
| 610 |
1 |
|
|a охрана
|
| 610 |
1 |
|
|a экономика
|
| 610 |
1 |
|
|a экологическая устойчивость
|
| 610 |
1 |
|
|a окружающая среда
|
| 610 |
1 |
|
|a 20 век
|
| 675 |
|
|
|a 502.3
|v 3
|
| 702 |
|
1 |
|a Сдасюк
|b Г. В
|
| 801 |
|
0 |
|a RU
|b 63413507
|c 20011210
|g PSBO
|
| 801 |
|
2 |
|a RU
|b 63413507
|c 20170111
|g RCR
|
| 942 |
|
|
|c BK
|